| 000 | 00969cam a2200313 a 4500 | ||
|---|---|---|---|
| 001 | 000004427 | ||
| 003 | DO-SdBNP | ||
| 005 | 20220222102153.0 | ||
| 007 | ta | ||
| 008 | 880801e1984 sp er 000 1 spa d | ||
| 020 | _a8475742750 | ||
| 020 | _a8475742483 (colección completa). | ||
| 040 |
_aDO-SdBNP _bspa _cBNPHU |
||
| 041 | _heng | ||
| 082 | 4 |
_222 _a813.54 _bC776u |
|
| 100 | 1 |
_aCooper, James Fenimore, _d1789-1851 _911562 |
|
| 245 | 1 | 3 |
_aEl último de los mohicanos / _cJames Fenimore Cooper ; traducción de Enrique Rodríguez. |
| 250 | _aEdición Integra | ||
| 260 |
_aBarcelona España : _bForum, _c1984 |
||
| 300 |
_a445 p. ; _c19 cm. |
||
| 490 |
_aGrandes aventuras ; _v9 |
||
| 650 | 4 |
_aLiteratura estadounidense _9263 |
|
| 650 | 4 |
_aNovela histórica _zEstados Unidos _911563 |
|
| 650 | 4 |
_aNovela estadounidense _9262 |
|
| 700 |
_aRodríguez, Enrique, _etrad. _981265 |
||
| 830 | 0 |
_aGrandes aventuras; _v9 _910615 |
|
| 910 | _aWM | ||
| 942 |
_2ddc _cLBS1 |
||
| 999 |
_c4236 _d4236 |
||